| 000 | 00748nam a2200241Ia 4500 | ||
|---|---|---|---|
| 003 | GCL | ||
| 008 | 140319s9999 xx 000 0 ara d | ||
| 040 |
_aGCL / _cGCL |
||
| 082 | 0 | 4 |
_a923 _bح ص |
| 100 | 1 | _aانيس فريحة | |
| 245 | 1 | 0 |
_aصانعوا التاريخ العربى / _cانيس فريحة |
| 700 | 1 | _aمحمود زايد (مراجع) | |
| 700 | 1 | _aحتى ، فيليب | |
| 260 |
_aبيروت : _bدار الثقافة العربية ، _c1980 |
||
| 300 |
_a380 ص ؛ _c24 سم |
||
| 490 | _a | ||
| 650 | 0 | 4 | _aالفلسفة الاسلامية |
| 650 | 0 | 4 | _aالعالم العربى |
| 650 | 0 | 4 | _aتاريخ |
| 650 | 0 | 4 | _aالتاريخ الاسلامى |
| 650 | 0 | 4 | _aالمؤرخون العرب |
| 942 |
_2ddc _cBK |
||
| 999 |
_c28070 _d28070 |
||